Tsunami /
Tsunamis are one of the most terrifying forces of nature, destroying all in their path. The December 26th Tsunami is estimated to have released the energy of 23,000 Hiroshima-type atomic bombs. What are the enormous forces that generate these catastrophic waves deep on the ocean floor?
| Other Authors: | , |
|---|---|
| Format: | Video |
| Language: | English |
| Language Notes: | This edition in English. |
| Published: |
New York :
A & E Television Networks,
2009.
|
| Series: | VAST: academic video online
How the Earth was made |
| Subjects: | |
| Online Access: | Connect to this streaming video (Alexander Street Press) |
MARC
| Tag | First Indicator | Second Indicator | Subfields |
|---|---|---|---|
| LEADER | 00000cgm a2200000 a 4500 | ||
| 001 | in00005564413 | ||
| 006 | m o c | ||
| 007 | cr |na---||a|a | ||
| 007 | vz |zazu| | ||
| 008 | 140106s2009 nyu045 g o vueng d | ||
| 005 | 20241201232342.8 | ||
| 035 | |a (OCoLC)ocn900033270 | ||
| 040 | |a NUI |b eng |e pn |c NUI |d OCLCO |d OCLCA |d OCLCF |d OCL |d OCLCQ |d OCLCO |d WYU |d UPM |d OCLCO |d OCLCA |d OCLCO |d CJT |d OCLCL |d OCLCQ | ||
| 019 | |a 1373427436 |a 1443957916 | ||
| 035 | |a (OCoLC)900033270 |z (OCoLC)1373427436 |z (OCoLC)1443957916 | ||
| 043 | |a p------ |a x------ | ||
| 049 | |a TXAM | ||
| 245 | 0 | 0 | |a Tsunami / |c directed by Kathryn Johnson. |
| 260 | |a New York : |b A & E Television Networks, |c 2009. | ||
| 300 | |a 1 online resource (45 min.). | ||
| 306 | |a 004506 | ||
| 336 | |a two-dimensional moving image |b tdi |2 rdacontent | ||
| 337 | |a computer |b c |2 rdamedia | ||
| 338 | |a online resource |b cr |2 rdacarrier | ||
| 347 | |a data file |2 rda | ||
| 490 | 0 | |a VAST: academic video online | |
| 490 | 0 | |a How the Earth was made | |
| 500 | |a Title from resource description page (viewed Dec. 9, 2013). | ||
| 520 | |a Tsunamis are one of the most terrifying forces of nature, destroying all in their path. The December 26th Tsunami is estimated to have released the energy of 23,000 Hiroshima-type atomic bombs. What are the enormous forces that generate these catastrophic waves deep on the ocean floor? | ||
| 546 | |a This edition in English. | ||
| 650 | 0 | |a Continental drift |x History. | |
| 650 | 0 | |a Historical geology. | |
| 650 | 0 | |a Plate tectonics |x History. | |
| 650 | 0 | |a Trenches |z Pacific Area. | |
| 650 | 0 | |a Tsunamis. | |
| 651 | 0 | |a Earth (Planet) | |
| 650 | 2 | |a Tidal Waves | |
| 650 | 6 | |a Continents |x Dérive |x Histoire. | |
| 650 | 6 | |a Géologie historique. | |
| 650 | 6 | |a Tectonique des plaques |x Histoire. | |
| 650 | 6 | |a Tranchées |z Pacifique, Région du. | |
| 650 | 6 | |a Tsunamis. | |
| 651 | 6 | |a Terre. | |
| 650 | 7 | |a Continental drift. |2 fast |0 (OCoLC)fst00876671 | |
| 650 | 7 | |a Historical geology. |2 fast |0 (OCoLC)fst00958125 | |
| 650 | 7 | |a Plate tectonics. |2 fast |0 (OCoLC)fst01066753 | |
| 650 | 7 | |a Trenches. |2 fast |0 (OCoLC)fst01156192 | |
| 650 | 7 | |a Tsunamis. |2 fast |0 (OCoLC)fst01158379 | |
| 651 | 7 | |a Earth (Planet) |2 fast |0 (OCoLC)fst01860481 |1 https://id.oclc.org/worldcat/entity/E39PBJB8v443pPTqgvXgPkBtrq | |
| 651 | 7 | |a Pacific Area. |2 fast |0 (OCoLC)fst01243504 | |
| 655 | 7 | |a Documentary television programs. |2 fast |0 (OCoLC)fst01710387 | |
| 655 | 7 | |a History. |2 fast |0 (OCoLC)fst01411628 | |
| 655 | 7 | |a Documentary television programs. |2 lcgft | |
| 655 | 7 | |a Documentaires télévisés. |2 rvmgf | |
| 700 | 1 | |a Johnson, Corey, |d 1961- |4 nrt |1 https://id.oclc.org/worldcat/entity/E39PBJj4pxKGgHPTpvVmKbkFKd | |
| 700 | 1 | |a Johnson, Kathryn |c (Director) |4 drt | |
| 776 | 0 | 8 | |i Print version: |t Tsunami. |d New York : A & E Television Networks, 2009 publisher catalog number |o 45191 |
| 856 | 4 | 0 | |u http://proxy.library.tamu.edu/login?url=https://www.aspresolver.com/aspresolver.asp?AVN2;1796115 |z Connect to this streaming video (Alexander Street Press) |t 0 |
| 955 | |a Alexander Street Press subscription streaming video | ||
| 994 | |a 92 |b TXA | ||
| 999 | f | f | |s 2e992cb1-179b-4158-beb4-563183f3d8f5 |i f2bf27bb-7534-4322-ab02-3e66b9c3da50 |t 0 |
| 952 | f | f | |a Texas A&M University |b College Station |c Electronic Resources |d Available Online |t 0 |h Library of Congress classification |
| 998 | f | f | |t 0 |l Available Online |